000 00217 a2200097 4500
001 43187
100 _aTagore
245 _aLater poems of tagore
260 _aBombay
_bAsia publishing house
_c
090 _c27033
_d27033
942 _aNUST-CAE
_cM
_c18929
999 _c278260
_d278260